All Preceding United States Senators by Picture - Statistics

General Stats
  • This quiz has been taken 145 times
    15 since last reset
  • The average score is 59 of 100
Answer Stats
Picture Hint Answer % Correct
D-New York Hillary Clinton
100%
R-Ohio J.D Vance
100%
D-California Kamala Harris
100%
I-Arizona Kyrsten Sinema
100%
R-Florida Marco Rubio
100%
R-Utah Mitt Romney
100%
R-Massachusetts Scott Brown
100%
D-Ohio Sherrod Brown
100%
D-Montana Jon Tester
93%
R-Indiana Mark Braun
93%
D-Minnesota Al Franken
86%
D-Nebraska Ben Nelson
86%
D-Florida Bill Nelson
86%
D-Michigan Debbie Stabenow
86%
I-Connecticut Joe Lieberman
86%
I-West Virginia Joe Manchin
86%
R-New Hampshire John E. Sununu
86%
R-Oklahoma Markwayne Mullin
86%
D-Maryland Ben Cardin
79%
R-Nebraska Ben Sasse
79%
D-Pennsylvania Bob Casey
79%
R-Georgia David Perdue
79%
D-Alabama Doug Jones
79%
D-Nevada Harry Reid
79%
R-New Hampshire Kelly Ayotte
79%
R-Arizona Martha McSally
79%
D-Vermont Patrick Leahy
79%
R-Alabama Richard Shelby
79%
R-Colorado Cory Gardner
71%
R-Nevada Dean Heller
71%
D-West Virginia Jay Rockefeller
71%
D-Virginia Jim Webb
71%
D-California Laphonza Butler
71%
R-Rhode Island Lincoln Chafee
71%
D-Alaska Mark Begich
71%
R-Pennsylvania Pat Toomey
71%
R-Missouri Roy Blunt
71%
D-Wisconsin Russ Feingold
71%
R-South Carolina Strom Thurmond
71%
D-Missouri Claire McCaskill
64%
D-North Carolina Kay Hagan
64%
R-Tennessee Lamar Alexander
64%
R-Illinois Mark Kirk
64%
D-Arkansas Mark Pryor
64%
D-Delaware Tom Carper
64%
D-South Dakota Tom Daschle
64%
D-New Mexico Tom Udall
64%
R-Mississippi Trent Lott
64%
D-Arkansas Blanche Lincoln
57%
D-Connecticut Chris Dodd
57%
R-Alaska Frank Murkowski
57%
D-North Dakota Heidi Heitkamp
57%
I-Vermont Jim Jeffords
57%
R-Texas Kay Bailey Hutchison
57%
R-Georgia Kelly Loeffler
57%
R-Wyoming Mike Enzi
57%
R-Maine Olympia Snowe
57%
R-North Carolina Richard Burr
57%
D-Maryland Barbara Mikulski
50%
D-Michigan Carl Levin
50%
D-Hawaii Daniel Inouye
50%
R-Oregon Gordon H. Smith
50%
R-South Carolina Jim DeMint
50%
D-Colorado Ken Salazar
50%
D-Louisiana Mary Landrieu
50%
R-Kansas Sam Brownback
50%
R-Mississippi Thad Cochran
50%
D-Iowa Tom Harkin
50%
R-New York Alf D'Amato
43%
R-Tennessee Bob Corker
43%
D-Hawaii Daniel Akaka
43%
R-Louisiana David Vitter
43%
D-Wisconsin Herbert Kohl
43%
R-Idaho Larry Craig
43%
D-Minnesota Mark Dayton
43%
D-Illinois Paul M. Simon
43%
R-Washington Slade Gorton
43%
R-Texas W. Phillip Gramm
43%
D-North Dakota Byron Dorgan
36%
D-Rhode Island Claiborne Pell
36%
R-Indiana Dan Coats
36%
D-New Mexico Jeff Bingaman
36%
R-Kentucky Jim Bunning
36%
R-Virginia John Warner
36%
D-Massachusetts Mo Cowan
36%
R-Kansas Pat Roberts
36%
D-South Dakota Tim Johnson
36%
D-Delaware Ed Kaufman
29%
D-New Jersey George Helmy
29%
R-Utah Robert Bennett
29%
R-Oklahoma Thomas A. Coburn
29%
R-Maine William S. Cohen
29%
R-Wyoming Craig L. Thomas
21%
R-Idaho Dirk Kempthorne
21%
R-New Jersey Jeffrey S. Chiesa
21%
D-Iowa John C. Culver
21%
D-Montana John E. Walsh
21%
R-Oregon Robert W. Packwood
21%
D-Washington Brockman Adams
14%
D-Kentucky Walter D. Huddleston
14%
No matching quizzes found
Score Distribution
Percent of People with Each Score
Percentile by Number Answered
Your Score History
You have not taken this quiz since the last reset